MARC

LEADER 00000nam0a2200000 4500
001 17448
005 20231030190911.0
010 |a 5806603385 
035 |a (RuTPU)RU\TPU\book\17592 
035 |a BOOK00002280 
090 |a 17448 
100 |a 20011209d1991 km y0rusy50 ca 
101 0 |a rus 
102 |a AZ 
105 |a a z 000zy 
200 1 |a Государственные финансы и социально-экономическое развитие Турции  |f Д. А. оглы Велиев  |g Академия наук Азербайджана; Институт востоковедения 
210 |a Баку  |c Элм  |d 1991 
215 |a 235 с.  |c ил. 
610 1 |a экономика 
610 1 |a финансы 
610 1 |a Турция 
610 1 |a социально-экономическое положение 
610 1 |a налоги 
610 1 |a государственный долг 
610 1 |a бюджетный дефицит 
686 |a У9(5Ту)  |v LBC/SL-A  |2 rubbk 
700 1 |a Велиев  |b Д. А. оглы  |g Дунямалы Амир оглы 
712 0 2 |a Национальная академия наук Азербайджана (НАНА)  |b Институт востоковедения (ИВ)  |c (Баку)  |2 stltpush  |3 (RuTPU)RU\TPU\col\11556 
801 0 |a RU  |b 63413507  |c 20011209  |g PSBO 
801 2 |a RU  |b 63413507  |c 20110315  |g PSBO 
942 |c BK